Description des antiquités de la régence de Tunis : monuments antérieurs à la conquête arabe. Fascicule I, Rapport sur la mission faite en 1882-1883 /

Saved in:
Bibliographic Details
Main Author: Saladin, Henri, 1851-1923.
Format: Book
Language:French
Published: Paris : Imprimerie nationale, 1886.
Subjects:
Tags: Add Tag
No Tags, Be the first to tag this record!
LEADER 00921nam a2200229Ia 4500
001 006114568-8
005 20120820124443.0
008 921014s1886 fr ae 000 0 fre d
035 0 |a ocm26782699 
040 |a FIA  |c FIA  |d DDO 
043 |a f-ti--- 
100 1 |a Saladin, Henri,  |d 1851-1923. 
245 1 0 |a Description des antiquités de la régence de Tunis :  |b monuments antérieurs à la conquête arabe.  |n Fascicule I,  |p Rapport sur la mission faite en 1882-1883 /  |c par Henri Saladin. 
246 3 |a Monuments antérieurs à la conquête arabe 
260 |a Paris :  |b Imprimerie nationale,  |c 1886. 
300 |a 233 p. :  |b ill., plans ;  |c 24 cm. 
500 |a Extracted from: Archives des missions scientifiques et littéraires. 3e ser., t. 13. 
650 0 |a Excavations (Archaeology)  |z Tunisia. 
651 0 |a Tunisia  |x Antiquities. 
730 0 |a Archives des missions scientifiques et littéraires. 
988 |a 20020608 
906 |0 OCLC